[Event "Rated Blitz game"]
[Site "?"]
[Date "2021.11.01"]
[Round "?"]
[White "YEIKOCASTELLA"]
[Black "Benny_Watts_2005"]
[Result "1-0"]
[WhiteElo "2421"]
[BlackElo "2395"]
[PlyCount "50"]
[EventDate "2021.??.??"]
[EventType "blitz"]

1. e4 e5 2. Nf3 d5 3. exd5 e4 4. Ne5 Qxd5 5. d4 exd3 6. Nxd3 Nf6 7. Nc3 Qf5 8.
Nf4 Bd6 9. Bd3 Qa5 10. O-O O-O 11. Nfd5 Nxd5 12. Nxd5 Kh8 13. c4 c6 14. Bd2 Qd8
15. Qh5 g6 16. Bc3+ Kg8 17. Qh6 f6 18. Bxg6 Qd7 19. Nxf6+ Rxf6 20. Bxh7+ Qxh7
21. Qxh7+ Kxh7 22. Bxf6 Bf5 23. Rad1 Nd7 24. Rxd6 Kg6 25. Bc3+ Kf7 {Normal} 1-0

[Event "Rated Blitz game"]
[Site "?"]
[Date "2021.11.01"]
[Round "?"]
[White "Trboss17"]
[Black "Annali-annaliew1979"]
[Result "0-1"]
[WhiteElo "2417"]
[BlackElo "2481"]
[PlyCount "60"]
[EventDate "2021.??.??"]
[EventType "blitz"]

1. e4 e5 2. Nf3 d5 3. Nxe5 Qe7 4. d4 f6 5. Nd3 Nc6 6. c3 Bf5 7. Be2 Bxe4 8. O-O
Qf7 9. Bf3 Bd6 10. Bxe4 dxe4 11. Re1 f5 12. Qb3 Qxb3 13. axb3 Nge7 14. Nf4 Kd7
15. b4 a6 16. Na3 g5 17. Nh5 Raf8 18. Nc4 Rhg8 19. f3 exf3 20. gxf3 f4 21. Nd2
g4 22. Kf2 g3+ 23. hxg3 fxg3+ 24. Kg2 Nf5 25. Ne4 Nh4+ 26. Kh3 Nxf3 27. Nef6+
Kc8 28. Nxg8 Nxe1 29. Ngf6 g2 30. Be3 Nc2 {Normal} 0-1

[Event "Rated Blitz game"]
[Site "?"]
[Date "2021.11.01"]
[Round "?"]
[White "Chessfamil200"]
[Black "mehditarkibi"]
[Result "1-0"]
[WhiteElo "2468"]
[BlackElo "2340"]
[PlyCount "133"]
[EventDate "2021.??.??"]
[EventType "blitz"]

1. e4 e5 2. Nf3 d5 3. exd5 e4 4. Qe2 Nf6 5. Nc3 Be7 6. Nxe4 O-O 7. d3 Nxd5 8.
Be3 Nxe3 9. fxe3 Nc6 10. O-O-O f5 11. Nc3 Be6 12. d4 Bf7 13. d5 Nb4 14. Qc4 a5
15. Ne5 Bd6 16. Nxf7 Rxf7 17. a3 Na6 18. Be2 Nc5 19. Rhf1 Rb8 20. Kb1 Qe8 21.
Rde1 Nd7 22. e4 Ne5 23. Qb3 f4 24. Bf3 b5 25. Ne2 a4 26. Qa2 b4 27. axb4 Rxb4
28. c3 Rb8 29. Nd4 Qc8 30. Qxa4 Ra8 31. Qb3 Qa6 32. Be2 Qc8 33. Kc2 Rb8 34. Qa4
Nd7 35. b4 Nb6 36. Qc6 Nd7 37. Bg4 Rb6 38. Qc4 Ne5 39. Bxc8 Nxc4 40. Be6 h6 41.
Kb3 Kf8 42. Kxc4 Re7 43. Ra1 Rb8 44. Nc6 Ree8 45. Nxb8 Rxb8 46. Ra7 g5 47. Rfa1
Ke7 48. Ra8 Rb6 49. R1a6 Rb7 50. Bc8 Rb6 51. Rxb6 cxb6 52. Ra7+ Kf6 53. Rd7 Be5
54. d6 g4 55. Kd5 f3 56. gxf3 gxf3 57. Ra7 Bxc3 58. d7 Kg5 59. d8=Q+ Kf4 60.
Rf7+ Ke3 61. Bg4 f2 62. Qh4 Be1 63. Qh3+ Kd2 64. Qf3 f1=Q 65. Qd1+ Ke3 66. Rxf1
Bd2 67. Rf3# {Normal} 1-0

[Event "Rated Blitz game"]
[Site "?"]
[Date "2021.11.01"]
[Round "?"]
[White "Strelok2222"]
[Black "Fantastic_power06"]
[Result "0-1"]
[WhiteElo "2618"]
[BlackElo "2789"]
[PlyCount "56"]
[EventDate "2021.??.??"]
[EventType "blitz"]

1. e4 e5 2. Nf3 d5 3. Nxe5 Bd6 4. d4 dxe4 5. Nc4 Nc6 6. Nc3 Bf5 7. Nxd6+ Qxd6
8. Nb5 Qd7 9. c3 a6 10. Na3 Nf6 11. Be2 Bg4 12. Bg5 O-O-O 13. Bxf6 Bxe2 14.
Qxe2 gxf6 15. O-O-O f5 16. g3 Ne7 17. Qh5 Qe6 18. Kb1 Qg6 19. Qh4 Nd5 20. Ka1
e3 21. fxe3 Nxe3 22. Rc1 Rhe8 23. Qf4 Re4 24. Qf3 Rde8 25. Rhe1 Qh6 26. Re2 Kb8
27. Rce1 Nc2+ 28. Nxc2 Rxe2 {Normal} 0-1

[Event "Rated Blitz game"]
[Site "?"]
[Date "2021.11.01"]
[Round "?"]
[White "failedworldcupquali"]
[Black "Annali-annaliew1979"]
[Result "1-0"]
[WhiteElo "2520"]
[BlackElo "2509"]
[PlyCount "53"]
[EventDate "2021.??.??"]
[EventType "blitz"]

1. e4 e5 2. Nf3 d5 3. exd5 e4 4. Qe2 f5 5. d3 Nf6 6. dxe4 fxe4 7. c3 Bd6 8.
Nfd2 O-O 9. Na3 Bxa3 10. bxa3 Bf5 11. c4 Nbd7 12. Bb2 Nc5 13. Qe3 Nd3+ 14. Bxd3
exd3 15. O-O Re8 16. Qd4 Re2 17. Rad1 c5 18. Qxc5 Rc8 19. Qd4 b6 20. h3 Bg6 21.
Bc3 Qc7 22. Rfe1 Rce8 23. Rxe2 Rxe2 24. Nf3 Ne4 25. Rxd3 Rxa2 26. d6 Qf7 27. d7
{Normal} 1-0

[Event "Rated Blitz tournament VvF28cwW"]
[Site "?"]
[Date "2021.11.01"]
[Round "?"]
[White "Cookie2015"]
[Black "Toledanomad"]
[Result "0-1"]
[WhiteElo "2502"]
[BlackElo "2391"]
[PlyCount "136"]
[EventDate "2021.??.??"]
[EventType "blitz"]

1. e4 e5 2. Nf3 d5 3. exd5 e4 4. Ne5 Qxd5 5. d4 exd3 6. Nxd3 Nf6 7. Nc3 Qf5 8.
Be2 Bd6 9. Be3 Nc6 10. Qd2 Be6 11. O-O-O O-O-O 12. h3 Qa5 13. Kb1 Bb4 14. a3
Bxa3 15. bxa3 Qxa3 16. Bc5 Qa6 17. Nb4 Rxd2 18. Nxa6 Rxd1+ 19. Rxd1 bxa6 20.
Bxa6+ Kb8 21. Ka1 Bc8 22. Bc4 Be6 23. Bb5 Nd8 24. Be7 Nb7 25. Bc6 Kc8 26. Na4
Bd7 27. Bxb7+ Kxb7 28. Nc5+ Kc6 29. Bxf6 Kxc5 30. Rxd7 gxf6 31. Rxc7+ Kb6 32.
Rxf7 Rg8 33. Rxf6+ Kb5 34. g4 a5 35. Kb2 a4 36. Rf7 h5 37. Rf5+ Kc4 38. Rxh5
Rb8+ 39. Ka2 Kc3 40. Rc5+ Kd4 41. Ra5 Kc3 42. Rxa4 Rb2+ 43. Ka1 Rxc2 44. Ra3+
Kb4 45. Rf3 Re2 46. Rf5 Kb3 47. Rf3+ Kc2 48. g5 Re8 49. Ra3 Re1+ 50. Ka2 Rg1
51. Rg3 Re1 52. f4 Re8 53. Rg2+ Kc3 54. Kb1 Rb8+ 55. Kc1 Ra8 56. Kd1 Kd3 57.
Ke1 Ke3 58. Rg3+ Kxf4 59. Rg4+ Kf3 60. Kd2 Ra2+ 61. Kc3 Rf2 62. Kc4 Re2 63. Kd5
Rd2+ 64. Ke5 Re2+ 65. Kf6 Ra2 66. Kg7 Ra6 67. Kh7 Ra8 68. Kg7 Ra7+ {Time
forfeit} 0-1

[Event "Rated Blitz game"]
[Site "?"]
[Date "2021.11.01"]
[Round "?"]
[White "ferhat2011"]
[Black "Annali-annaliew1979"]
[Result "1/2-1/2"]
[WhiteElo "2335"]
[BlackElo "2488"]
[PlyCount "123"]
[EventDate "2021.??.??"]
[EventType "blitz"]

1. e4 e5 2. Nf3 d5 3. d4 dxe4 4. Nxe5 Bd6 5. Nc4 Nf6 6. Be3 O-O 7. Nc3 Nc6 8.
Be2 h6 9. h3 Bf5 10. Qd2 Bb4 11. a3 Bxc3 12. bxc3 Nd5 13. O-O Nce7 14. Rab1 b6
15. Ne5 Ng6 16. Nxg6 Bxg6 17. c4 Nxe3 18. fxe3 Qg5 19. Rf4 Rad8 20. Rbf1 a5 21.
c3 f5 22. h4 Qe7 23. h5 Bh7 24. d5 Qxa3 25. Kh2 Qd6 26. g3 Rf6 27. Kh1 Rdf8 28.
Qd4 Qd8 29. c5 bxc5 30. Qxc5 R6f7 31. c4 Qg5 32. Kh2 g6 33. Qxa5 Rb8 34. R1f2
Rb2 35. Qc3 Ra2 36. Bd1 Rxf2+ 37. Rxf2 gxh5 38. Rf4 Rg7 39. Qe1 Qe7 40. Bxh5
Qa3 41. Be2 Bg6 42. g4 Qxe3 43. Qf2 Qxf2+ 44. Rxf2 e3 45. Rf4 fxg4 46. Rxg4 Kh7
47. c5 Bf7 48. Rxg7+ Kxg7 49. d6 cxd6 50. cxd6 Be6 51. Kg3 Kf6 52. Kf4 Bd7 53.
Bc4 h5 54. Kxe3 Ke5 55. Be2 h4 56. Bf1 Kxd6 57. Kf4 h3 58. Kg3 h2 59. Bg2 Bc6
60. Bh1 Bxh1 61. Kh3 Bc6 62. Kxh2 {Normal} 1/2-1/2

[Event "Rated Blitz game"]
[Site "?"]
[Date "2021.11.01"]
[Round "?"]
[White "Lmtrdvp"]
[Black "khalid_ontawar"]
[Result "0-1"]
[WhiteElo "2480"]
[BlackElo "2482"]
[PlyCount "130"]
[EventDate "2021.??.??"]
[EventType "blitz"]

1. e4 e5 2. Nf3 d5 3. Nxe5 Qe7 4. d4 f6 5. Qh5+ g6 6. Nxg6 Qxe4+ 7. Be2 Qxg6 8.
Qxd5 h5 9. Bd3 Qf7 10. Qe4+ Qe6 11. Bf4 Qxe4+ 12. Bxe4 Bd6 13. Bxd6 cxd6 14.
Nc3 Ne7 15. Nb5 Kd7 16. O-O-O d5 17. Bf3 b6 18. Rhe1 Bb7 19. Nc3 Na6 20. Re3
Nf5 21. Re2 Nc7 22. g3 Rae8 23. Rxe8 Kxe8 24. Ne2 Kf7 25. h4 Nd6 26. Nf4 Ne4
27. Bxh5+ Ke7 28. Rf1 Kd6 29. Bf3 Ne6 30. Nxe6 Kxe6 31. Bxe4 dxe4 32. Kd2 Kf5
33. Ke3 Kg4 34. c4 f5 35. d5 Rb8 36. Rd1 Rc8 37. b3 b5 38. Rd4 bxc4 39. bxc4
Ba6 40. d6 Rd8 41. c5 Bb5 42. f3+ Kxg3 43. fxe4 f4+ 44. Kd2 f3 45. e5 f2 46. e6
f1=Q 47. e7 Qf2+ 48. Kc3 Qe3+ 49. Kc2 Qxd4 50. exd8=Q Qd3+ 51. Kc1 Qc3+ 52. Kd1
Ba4+ 53. Ke2 Bb5+ 54. Kd1 Qd3+ 55. Kc1 Qc4+ 56. Kd2 Qd4+ 57. Kc1 Qxc5+ 58. Kd2
Qd4+ 59. Kc1 Qe3+ 60. Kb2 Qd2+ 61. Kb3 Qd3+ 62. Kb2 Qd4+ 63. Kc1 Qa1+ 64. Kd2
Qxa2+ 65. Kc3 Qc4+ {Time forfeit} 0-1

[Event "Rated Blitz game"]
[Site "?"]
[Date "2021.11.01"]
[Round "?"]
[White "DaVy_JoneSS-1703"]
[Black "Fantastic_power06"]
[Result "0-1"]
[WhiteElo "2596"]
[BlackElo "2774"]
[PlyCount "36"]
[EventDate "2021.??.??"]
[EventType "blitz"]

1. e4 e5 2. Nf3 d5 3. exd5 e4 4. Qe2 Nf6 5. d3 Qxd5 6. Nbd2 Nc6 7. dxe4 Qc5 8.
Qc4 Ng4 9. Qxc5 Bxc5 10. h3 Nxf2 11. Rh2 Nb4 12. Rb1 Nxc2+ 13. Ke2 b6 14. Nb3
Ba6+ 15. Kd2 Bxf1 16. Nxc5 bxc5 17. Kxc2 Bd3+ 18. Kb3 Rb8+ {Normal} 0-1

[Event "Rated Blitz game"]
[Site "?"]
[Date "2021.11.01"]
[Round "?"]
[White "cmartin91"]
[Black "Benny_Watts_2005"]
[Result "0-1"]
[WhiteElo "2409"]
[BlackElo "2391"]
[PlyCount "76"]
[EventDate "2021.??.??"]
[EventType "blitz"]

1. e4 e5 2. Nf3 d5 3. Bc4 dxc4 4. Nxe5 Bd6 5. Nxc4 Nc6 6. d4 Nxd4 7. e5 Bc5 8.
c3 Ne6 9. Qf3 Ne7 10. Nbd2 Bd7 11. Ne4 Bc6 12. Qe2 O-O 13. Nf6+ gxf6 14. exf6
Ng6 15. Bh6 Re8 16. O-O Nef4 17. Qg4 Qxf6 18. Bg5 Qe6 19. Qxe6 Rxe6 20. b4 Be7
21. Bh6 Bxg2 22. Rfe1 Bf3 23. Ne5 Nh3+ 24. Kf1 Rxe5 25. Rxe5 Nxe5 26. Re1 Bf6
27. Re3 Bg4 28. Rg3 Ng5 29. Bxg5 Bxg5 30. h3 Bf4 31. Rg2 f5 32. f3 Nxf3 33.
hxg4 Nh2+ 34. Kf2 Nxg4+ 35. Kf3 Be5 36. c4 Rd8 37. Rc2 Rd3+ 38. Kg2 Ne3+ {
Normal} 0-1

[Event "Rated Blitz game"]
[Site "?"]
[Date "2021.11.01"]
[Round "?"]
[White "blagig"]
[Black "blastol"]
[Result "1-0"]
[WhiteElo "2495"]
[BlackElo "2510"]
[PlyCount "53"]
[EventDate "2021.??.??"]
[EventType "blitz"]

1. e4 e5 2. Nf3 d5 3. Nxe5 Bd6 4. d4 dxe4 5. Nc4 h6 6. Nxd6+ Qxd6 7. c4 Nc6 8.
Be3 f5 9. g3 Nf6 10. Nc3 a6 11. Qd2 Bd7 12. O-O-O O-O-O 13. h4 Kb8 14. c5 Qe7
15. d5 Ne5 16. Qd4 Nf3 17. Qb4 Ka8 18. Qa5 Bc8 19. Nb5 Nxd5 20. Rxd5 Rxd5 21.
Nxc7+ Kb8 22. Nxd5 Qd8 23. Qxd8 Rxd8 24. Nc3 Be6 25. Be2 Ne5 26. Rd1 Rc8 27.
Rd6 {Normal} 1-0

[Event "Rated Blitz game"]
[Site "?"]
[Date "2021.11.01"]
[Round "?"]
[White "GMluismata"]
[Black "Annali-annaliew1979"]
[Result "0-1"]
[WhiteElo "2340"]
[BlackElo "2488"]
[PlyCount "62"]
[EventDate "2021.??.??"]
[EventType "blitz"]

1. e4 e5 2. Nf3 d5 3. Nxe5 Qe7 4. d4 f6 5. Nd3 Nc6 6. Be3 dxe4 7. Nf4 f5 8. Bb5
a6 9. Bxc6+ bxc6 10. O-O Nf6 11. c4 Qf7 12. b3 Bd6 13. h3 O-O 14. Nc3 Kh8 15.
f3 g5 16. Nfe2 f4 17. Bf2 e3 18. Be1 Bf5 19. g4 Bg6 20. h4 h6 21. hxg5 hxg5 22.
Kg2 Kg7 23. Rh1 Rad8 24. Nc1 c5 25. d5 Be5 26. Nd3 Bd4 27. Rc1 c6 28. Rc2 cxd5
29. cxd5 Nxd5 30. Nxd5 Qxd5 31. Bc3 Rfe8 {Normal} 0-1

[Event "Rated Blitz game"]
[Site "?"]
[Date "2021.11.01"]
[Round "?"]
[White "gmftorres1"]
[Black "Annali-annaliew1979"]
[Result "1-0"]
[WhiteElo "2611"]
[BlackElo "2478"]
[PlyCount "125"]
[EventDate "2021.??.??"]
[EventType "blitz"]

1. e4 e5 2. Nf3 d5 3. Nxe5 Qe7 4. d4 f6 5. Ng4 Nc6 6. c3 dxe4 7. Ne3 f5 8. Bb5
a6 9. Bxc6+ bxc6 10. Qa4 Bd7 11. Nxf5 Qf7 12. Ng3 Nf6 13. O-O Bd6 14. Bg5 O-O
15. Nd2 c5 16. Qc4 cxd4 17. Qxf7+ Rxf7 18. Bxf6 gxf6 19. Ngxe4 dxc3 20. Nxc3 f5
21. Nc4 Rb8 22. Rfd1 Rf6 23. Rac1 Be8 24. Nd5 Rg6 25. Nxd6 Rxd6 26. Rxc7 Rbd8
27. Nf6+ Kf8 28. Nxh7+ Kg8 29. Nf6+ Kf8 30. Nh7+ Kg8 31. Re1 Rd1 32. Rce7 Rxe1+
33. Rxe1 Kxh7 34. h3 Bf7 35. Re5 Kg6 36. Ra5 Rd6 37. Kh2 Bc4 38. b3 Bf1 39. g4
f4 40. h4 Rd3 41. Rxa6+ Kf7 42. Ra7+ Ke6 43. Kg1 Bh3 44. g5 Bg4 45. Ra6+ Ke5
46. Ra5+ Ke4 47. f3+ Bxf3 48. Rc5 Rd1+ 49. Kf2 Rd2+ 50. Kf1 Be2+ 51. Ke1 Rxa2
52. Rc8 f3 53. Re8+ Kf4 54. Rf8+ Kg3 55. b4 Kg2 56. g6 Ra1+ 57. Kd2 Rd1+ 58.
Kc2 Rd7 59. g7 Rxg7 60. h5 Rg4 61. Kc3 Rh4 62. Rf5 Rxh5 63. Rxh5 {Time forfeit}
1-0

[Event "Rated Blitz tournament zIlkmSOR"]
[Site "?"]
[Date "2021.11.01"]
[Round "?"]
[White "Fimading"]
[Black "KappaGolden"]
[Result "1-0"]
[WhiteElo "2562"]
[BlackElo "2261"]
[PlyCount "67"]
[EventDate "2021.??.??"]
[EventType "blitz"]

1. e4 e5 2. Nf3 d5 3. d4 dxe4 4. Nxe5 Bd6 5. Nc4 Nf6 6. Nc3 O-O 7. Bg5 Bf5 8.
Nd5 Nbd7 9. Qd2 h6 10. Bh4 Rb8 11. Nxd6 cxd6 12. Bb5 g5 13. Nxf6+ Nxf6 14. Bg3
d5 15. Bxb8 Qxb8 16. O-O a6 17. f4 g4 18. Be2 h5 19. c4 Rd8 20. c5 b6 21. b4 a5
22. a3 bxc5 23. bxc5 Qc7 24. Qe3 h4 25. g3 Nh5 26. Kf2 Rb8 27. Rfb1 f6 28. Bb5
hxg3+ 29. hxg3 Qh7 30. a4 Ng7 31. Rh1 Qg6 32. Rh4 Nh5 33. Rah1 Ng7 34. Rh8+ {
Time forfeit} 1-0

[Event "Rated Blitz tournament 3Ql3mR3B"]
[Site "?"]
[Date "2021.11.01"]
[Round "?"]
[White "NOELDelaCruz"]
[Black "Jorny_Too_Pass"]
[Result "1-0"]
[WhiteElo "2546"]
[BlackElo "2348"]
[PlyCount "50"]
[EventDate "2021.??.??"]
[EventType "blitz"]

1. e4 e5 2. Nf3 d5 3. Nxe5 Bd6 4. d4 dxe4 5. Bc4 Bxe5 6. Qh5 Qf6 7. dxe5 Qg6 8.
Qxg6 hxg6 9. Nc3 Nc6 10. Bf4 Nge7 11. O-O-O O-O 12. Nxe4 a6 13. h4 Be6 14. Bxe6
fxe6 15. g3 Nd5 16. Bg5 Nxe5 17. f4 Nc6 18. Nc5 Ne3 19. Rd3 Nf5 20. Nxe6 Rf7
21. Nc5 b6 22. Ne4 Re8 23. Nc3 b5 24. a3 Ncd4 25. g4 Re4 {Normal} 1-0

[Event "Rated Blitz game"]
[Site "?"]
[Date "2021.11.01"]
[Round "?"]
[White "Arahorn"]
[Black "blastol"]
[Result "1-0"]
[WhiteElo "2424"]
[BlackElo "2506"]
[PlyCount "69"]
[EventDate "2021.??.??"]
[EventType "blitz"]

1. e4 e5 2. Nf3 d5 3. Nxe5 Bd6 4. d4 dxe4 5. Nc4 h6 6. Nc3 Nf6 7. Nxd6+ Qxd6 8.
g3 Nc6 9. Nb5 Qe7 10. Bf4 Nd5 11. Bd2 O-O 12. c4 e3 13. fxe3 Nxe3 14. Bxe3
Qxe3+ 15. Qe2 Qg5 16. Kf2 Bg4 17. Qe3 Qf5+ 18. Qf4 Qc2+ 19. Kg1 Qxb2 20. Re1
Bh5 21. d5 a6 22. dxc6 axb5 23. cxb7 Rxa2 24. cxb5 g5 25. Qe3 Rb8 26. h4 Rxb7
27. hxg5 Bg4 28. Qe8+ Kg7 29. gxh6+ Kg6 30. Qe4+ Bf5 31. Qc6+ f6 32. Qe8+ Kg5
33. Qe3+ Kg6 34. Qe8+ Kg5 35. Qh5# {Normal} 1-0

[Event "Rated Blitz game"]
[Site "?"]
[Date "2021.11.01"]
[Round "?"]
[White "makanga3000"]
[Black "Annali-annaliew1979"]
[Result "1-0"]
[WhiteElo "2445"]
[BlackElo "2464"]
[PlyCount "85"]
[EventDate "2021.??.??"]
[EventType "blitz"]

1. e4 e5 2. Nf3 d5 3. exd5 e4 4. Qe2 f5 5. d3 Nf6 6. Nfd2 Be7 7. dxe4 fxe4 8.
Nc3 O-O 9. Ndxe4 Nxe4 10. Nxe4 Qxd5 11. f3 Nc6 12. Qc4 Be6 13. Qxd5 Bxd5 14.
Bd2 Bxe4 15. fxe4 Bf6 16. O-O-O Rfe8 17. Bd3 Rad8 18. g4 a5 19. g5 Be5 20. h4
Nb4 21. Bc4+ Kh8 22. a3 Nc6 23. h5 Nd4 24. h6 g6 25. Rhf1 b5 26. Ba2 c5 27.
Bxa5 Ra8 28. Bd2 c4 29. Rf7 Rad8 30. a4 c3 31. bxc3 Ne2+ 32. Kb1 Nxc3+ 33. Bxc3
Rxd1+ 34. Kb2 Bxc3+ 35. Kxc3 bxa4 36. Bd5 Rb8 37. Ra7 Rg1 38. Rxa4 Rxg5 39. Kd4
Rh5 40. c4 Rxh6 41. c5 Rh1 42. Rc4 Rc1 43. Rxc1 {Normal} 1-0

[Event "Rated Blitz game"]
[Site "?"]
[Date "2021.11.01"]
[Round "?"]
[White "erronian"]
[Black "petrosianuro"]
[Result "1/2-1/2"]
[WhiteElo "2443"]
[BlackElo "2324"]
[PlyCount "41"]
[EventDate "2021.??.??"]
[EventType "blitz"]

1. e4 e5 2. Nf3 d5 3. exd5 e4 4. Qe2 Nf6 5. Nc3 Be7 6. Nxe4 O-O 7. Nxf6+ Bxf6
8. d4 Qxd5 9. Be3 Nc6 10. Qb5 Be6 11. Qxd5 Bxd5 12. Be2 Bxf3 13. Bxf3 Nxd4 14.
Bxd4 Bxd4 15. O-O c6 16. Rad1 Rad8 17. c3 Bb6 18. Rxd8 Rxd8 19. Rd1 Rxd1+ 20.
Bxd1 f5 21. Kf1 {Normal} 1/2-1/2

[Event "Rated Blitz game"]
[Site "?"]
[Date "2021.11.01"]
[Round "?"]
[White "insight64"]
[Black "FourNinetySix"]
[Result "0-1"]
[WhiteElo "2509"]
[BlackElo "2524"]
[PlyCount "74"]
[EventDate "2021.??.??"]
[EventType "blitz"]

1. e4 e5 2. Nf3 d5 3. exd5 Bd6 4. d4 e4 5. Nfd2 f5 6. c4 c5 7. dxc5 Bxc5 8. Nb3
Bb4+ 9. Bd2 Na6 10. Be2 Nf6 11. O-O O-O 12. Nc3 Bd6 13. Be3 f4 14. Bd4 f3 15.
gxf3 Bh3 16. Re1 Nxd5 17. Nxe4 Nf4 18. Bf1 Bb4 19. Be3 Bxe1 20. Qxd8 Raxd8 21.
Rxe1 Bxf1 22. Kxf1 Nd3 23. Re2 Rxf3 24. Kg2 Rf7 25. c5 Nf4+ 26. Bxf4 Rxf4 27.
f3 Nb4 28. a3 Nd3 29. Rc2 Ne1+ 30. Kg3 Rxe4 31. Rc1 Re3 32. Na5 Rxf3+ 33. Kg4
Rd4+ 34. Kg5 h6+ 35. Kg6 Rg4+ 36. Kh5 Rg5+ 37. Kh4 Ng2# {Normal} 0-1

[Event "Rated Blitz game"]
[Site "?"]
[Date "2021.11.01"]
[Round "?"]
[White "DR_Hanni-GM"]
[Black "LittleBaldTrudger"]
[Result "1-0"]
[WhiteElo "2412"]
[BlackElo "2342"]
[PlyCount "112"]
[EventDate "2021.??.??"]
[EventType "blitz"]

1. e4 d5 2. Nf3 e5 3. Nc3 dxe4 4. Nxe4 f5 5. Nc3 Nc6 6. Bb5 e4 7. Qe2 Nf6 8. d4
Be7 9. Ne5 Bd7 10. Nxd7 Qxd7 11. Be3 O-O-O 12. O-O-O Bb4 13. d5 Qf7 14. dxc6
Bxc3 15. cxb7+ Kb8 16. Bc4 Qe7 17. bxc3 Qa3+ 18. Kb1 Qxc3 19. Bb3 a5 20. Qe1
Rxd1+ 21. Qxd1 a4 22. Bxa4 Kxb7 23. Qd4 Qxd4 24. Bxd4 Ra8 25. Bb3 Ra6 26. Bxf6
Rxf6 27. Rd1 Kc6 28. g3 h5 29. Kb2 h4 30. a4 hxg3 31. hxg3 g5 32. Rd4 Kb6 33.
Rd5 c5 34. Re5 f4 35. gxf4 Rxf4 36. Rxg5 Rxf2 37. Re5 Re2 38. Kc3 Kc6 39. Bc4
Re3+ 40. Kb2 Kb6 41. Bb5 Ka5 42. c3 Kb6 43. Re6+ Kc7 44. Rc6+ Kb7 45. Rxc5 Kb6
46. Re5 Re1 47. Kb3 Ka5 48. Re6 Rb1+ 49. Kc2 Rxb5 50. axb5 e3 51. Re4 e2 52.
Rxe2 Ka4 53. b6 Ka3 54. b7 Ka4 55. b8=Q Ka5 56. Re1 Ka6 {Normal} 1-0

[Event "Rated Blitz game"]
[Site "?"]
[Date "2021.11.01"]
[Round "?"]
[White "mehditarkibi"]
[Black "blastol"]
[Result "0-1"]
[WhiteElo "2331"]
[BlackElo "2503"]
[PlyCount "66"]
[EventDate "2021.??.??"]
[EventType "blitz"]

1. e4 e5 2. Nf3 d5 3. Nc3 dxe4 4. Nxe4 f5 5. Nc3 e4 6. Ng1 Nc6 7. Bc4 Bc5 8. d3
Nf6 9. Bg5 Qd4 10. Nh3 Ne5 11. Be3 Qd6 12. Bxc5 Qxc5 13. Bb3 exd3 14. cxd3 Bd7
15. d4 Qc6 16. dxe5 Qxg2 17. Rg1 Qxh3 18. exf6 O-O-O 19. f7 Qxh2 20. Rxg7 Qe5+
21. Qe2 Qxg7 22. O-O-O Kb8 23. Rxd7 Rxd7 24. Qe8+ Rd8 25. Qe3 h5 26. Nb5 Qh6
27. Kc2 Qxe3 28. fxe3 h4 29. Be6 h3 30. Bxf5 h2 31. Be4 Rhf8 32. Nd4 Rxf7 33.
a3 Re7 {Normal} 0-1

[Event "Rated Blitz game"]
[Site "?"]
[Date "2021.11.01"]
[Round "?"]
[White "VelesSars"]
[Black "Benny_Watts_2005"]
[Result "0-1"]
[WhiteElo "2440"]
[BlackElo "2390"]
[PlyCount "68"]
[EventDate "2021.??.??"]
[EventType "blitz"]

1. e4 e5 2. Nf3 d5 3. Nxe5 Bd6 4. d4 dxe4 5. Nc4 Nc6 6. d5 Nce7 7. Nc3 Bb4 8.
Ne3 Nf6 9. Bc4 O-O 10. O-O Bd7 11. Ne2 Bd6 12. Nd4 Re8 13. h3 a6 14. a4 Rb8 15.
a5 Bc8 16. b3 Be5 17. Bb2 Nexd5 18. Nxd5 Nxd5 19. Re1 e3 20. fxe3 c6 21. e4 Nf4
22. c3 Qg5 23. Qf3 Nxh3+ 24. Kf1 Bg4 25. Qe3 Bf4 26. Qd3 Qh4 27. Re2 Ng5 28.
Nf3 Nxf3 29. gxf3 Bh3+ 30. Kg1 Qg3+ 31. Kh1 Re5 32. Rg1 Qh4 33. Rh2 Bxh2 34.
Kxh2 Bf1# {Normal} 0-1

[Event "Rated Blitz game"]
[Site "?"]
[Date "2021.11.01"]
[Round "?"]
[White "IguanaAstronaut"]
[Black "mirekkk14"]
[Result "1-0"]
[WhiteElo "2486"]
[BlackElo "2450"]
[PlyCount "35"]
[EventDate "2021.??.??"]
[EventType "blitz"]

1. e4 e5 2. Nf3 d5 3. Nxe5 Bd6 4. d4 dxe4 5. f4 exf3 6. Qxf3 Be6 7. Nc3 c6 8.
Bf4 Nf6 9. O-O-O O-O 10. Bd3 Qc7 11. Kb1 Nbd7 12. Rhe1 Bxe5 13. dxe5 Nd5 14.
Nxd5 Bxd5 15. Qh5 g6 16. Qh6 Be6 17. Bg5 Rfe8 18. Bf6 {Normal} 1-0

[Event "Rated Blitz game"]
[Site "?"]
[Date "2021.11.01"]
[Round "?"]
[White "Salvaged_Dirt"]
[Black "Annali-annaliew1979"]
[Result "1-0"]
[WhiteElo "2535"]
[BlackElo "2530"]
[PlyCount "85"]
[EventDate "2021.??.??"]
[EventType "blitz"]

1. e4 e5 2. Nf3 d5 3. Nxe5 Qe7 4. d4 f6 5. Ng4 Nc6 6. Ne3 Qxe4 7. c3 Nge7 8.
Be2 Be6 9. O-O O-O-O 10. g3 Bh3 11. Bf3 Qe6 12. Re1 Qd7 13. a4 h5 14. a5 h4 15.
g4 a6 16. b4 f5 17. Na3 fxg4 18. Bxg4 Bxg4 19. Qxg4 g6 20. b5 axb5 21. Nxb5 Nf5
22. a6 bxa6 23. Rxa6 Kb7 24. Ra2 h3 25. Ba3 Bh6 26. Bc5 Bxe3 27. fxe3 Nh4 28.
Qg3 Rdf8 29. Rea1 Nf3+ 30. Kh1 Ra8 31. Qxf3 Rxa2 32. Rxa2 Ra8 33. Rxa8 Kxa8 34.
c4 Ne7 35. Qf4 Kb7 36. Bxe7 Qxe7 37. cxd5 Qb4 38. Qxc7+ Ka6 39. Qc6+ Ka5 40.
Qa8+ Kxb5 41. Qb8+ Kc4 42. Qxb4+ Kxb4 43. d6 {Normal} 1-0

[Event "Rated Rapid game"]
[Site "?"]
[Date "2021.11.01"]
[Round "?"]
[White "Striker2007"]
[Black "Boris-Trapsky"]
[Result "0-1"]
[WhiteElo "2432"]
[BlackElo "2547"]
[PlyCount "66"]
[EventDate "2021.??.??"]
[EventType "rapid"]

1. e4 e5 2. Nf3 d5 3. exd5 Qxd5 4. Nc3 Qe6 5. Bb5+ c6 6. Ba4 e4 7. Bb3 Qg6 8.
Nh4 Qf6 9. g3 g5 10. Ng2 h5 11. Nxe4 Qf5 12. Qe2 Be6 13. d3 g4 14. Nf4 Nd7 15.
Nxe6 fxe6 16. O-O Ne5 17. Bf4 Nf3+ 18. Kg2 h4 19. Rh1 e5 20. d4 Nxd4 21. Qe3
Nxb3 22. axb3 exf4 23. Qd4 hxg3 24. Rae1 Qd5 25. Qxh8 gxf2 26. Kxf2 O-O-O 27.
Qc3 Be7 28. h4 Nf6 29. Qc4 g3+ 30. Kf3 Qh5+ 31. Kxf4 Qg4+ 32. Ke3 Nxe4 33. Qxe4
Bc5+ {Normal} 0-1

[Event "Rated Blitz game"]
[Site "?"]
[Date "2021.11.01"]
[Round "?"]
[White "taoneto"]
[Black "Benny_Watts_2005"]
[Result "1-0"]
[WhiteElo "2469"]
[BlackElo "2403"]
[PlyCount "59"]
[EventDate "2021.??.??"]
[EventType "blitz"]

1. e4 e5 2. Nf3 d5 3. exd5 e4 4. Qe2 Nf6 5. Nc3 Be7 6. Nxe4 Nxd5 7. Qd1 O-O 8.
Be2 c5 9. O-O Nc6 10. Re1 Bf5 11. d3 Re8 12. h3 h6 13. Bf1 Qd7 14. a3 Rad8 15.
Bd2 b6 16. Qc1 Bf8 17. Bf4 Nxf4 18. Qxf4 Bg6 19. g4 Nd4 20. Nxd4 Qxd4 21. c3
Qd5 22. Re3 Bxe4 23. dxe4 Qb3 24. Rae1 Rd6 25. e5 Rd1 26. Bc4 Rxe1+ 27. Rxe1
Qxb2 28. Bxf7+ Kh7 29. Bxe8 Qxc3 30. Re3 {Normal} 1-0

[Event "Rated Blitz game"]
[Site "?"]
[Date "2021.11.01"]
[Round "?"]
[White "SutorminDA"]
[Black "Annali-annaliew1979"]
[Result "1-0"]
[WhiteElo "2598"]
[BlackElo "2474"]
[PlyCount "83"]
[EventDate "2021.??.??"]
[EventType "blitz"]

1. e4 e5 2. Nf3 d5 3. Nxe5 Qe7 4. d4 f6 5. Nd3 Nc6 6. Nc3 dxe4 7. Nf4 f5 8. Bc4
Nf6 9. O-O Qd8 10. Ncd5 Bd6 11. c3 Na5 12. Nxf6+ Qxf6 13. Qa4+ Nc6 14. d5 Bd7
15. dxc6 bxc6 16. Bd2 g6 17. Rae1 Kf8 18. f3 exf3 19. Rxf3 Kg7 20. Ne6+ Bxe6
21. Rxe6 Qh4 22. g3 Qg4 23. Kg2 Rhe8 24. Rxe8 Rxe8 25. Qxc6 Re7 26. Be3 f4 27.
Bd4+ Kh6 28. Qd5 fxg3 29. hxg3 a5 30. Bf1 Re1 31. Bf2 Rb1 32. Be3+ Kg7 33. Qd4+
Qxd4 34. Bxd4+ Kh6 35. Rf2 Ra1 36. a3 a4 37. Bb5 c5 38. Bf6 Rd1 39. Bxa4 g5 40.
Bxd1 Kg6 41. Bc2+ Kh5 42. Bxg5 {Time forfeit} 1-0